Novými jedničkami trhu jsou ČSOB a Kooperativa. Jejich náskok je značný

Prehľad vývoja finančného trhu v ČR. Bilančné sumy bánk. Vývoj vkladov a úverov. Spomalenie hypotekárneho trhu. Zmeny v poistnom trhu.

Na minha lista:
Detalhes bibliográficos
Autor principal: Sobková, Martina
Formato: Capítulo de Livro
Idioma:tcheco
Assuntos:
Tags: Adicionar Tag
Sem tags, seja o primeiro a adicionar uma tag!

MARC

LEADER 00000naa a2200000 4500
001 0265195
005 20200703085310.0
041 0 |a cze 
044 |a CZ 
245 1 0 |a Novými jedničkami trhu jsou ČSOB a Kooperativa. Jejich náskok je značný  |c Martina Sobková 
520 |a Prehľad vývoja finančného trhu v ČR. Bilančné sumy bánk. Vývoj vkladov a úverov. Spomalenie hypotekárneho trhu. Zmeny v poistnom trhu. 
610 2 0 |a banky 
610 2 0 |a zisk 
610 2 0 |a trh finančný 
610 2 0 |a trh hypotekárny 
610 2 0 |a trh poistný 
100 1 |a Sobková, Martina